The science of marketing : when to tweet, what to post, how to blog, and other proven strategies

Scientific marketing research delivers proven marketing tactics and tips The Science of Marketing applies a scientific approach to the way businesses and brands approach marketing. It uses a combination of marketing, statistical, and psychological research to explain why and, more importantly, how,...

Volledige beschrijving

Bewaard in:
Bibliografische gegevens
Hoofdauteur: Zarrella, Dan
Formaat: Boek
Taal:Undetermined
Gepubliceerd in: Hoboken, New Jersey John Wiley & Sons, Inc. 2013
Onderwerpen:
Tags: Voeg label toe
Geen labels, Wees de eerste die dit record labelt!
Thư viện lưu trữ: Trung tâm Học liệu Trường Đại học Cần Thơ
LEADER 01129nam a2200229Ia 4500
001 CTU_197034
008 210402s9999 xx 000 0 und d
020 |c 527000 
082 |a 658.872 
082 |b Z36 
100 |a Zarrella, Dan 
245 4 |a The science of marketing : 
245 0 |b when to tweet, what to post, how to blog, and other proven strategies 
245 0 |c Dan Zarrella 
260 |a Hoboken, New Jersey 
260 |b John Wiley & Sons, Inc. 
260 |c 2013 
520 |a Scientific marketing research delivers proven marketing tactics and tips The Science of Marketing applies a scientific approach to the way businesses and brands approach marketing. It uses a combination of marketing, statistical, and psychological research to explain why and, more importantly, how, companies should adapt marketing strategies such as blogging, social media, email marketing, and webinars to achieve maximium results 
650 |a Internet marketing,Tiếp thị internet 
650 |x Social aspects,Khía cạnh xã hội 
904 |i Bằng 
980 |a Trung tâm Học liệu Trường Đại học Cần Thơ